Maailman parhaat passit - Statistics

Yleistilastot
  • Tätä visaa on pelattu 43 kertaa
  • Keskiarvotulos 15 / 30
Vastaustilastot
% Oikein
185 Belgia / Tanska / Suomi / Ranska / Saksa / Irlanti / Italia / Luxemburg / Alankomaat / Norja / Espanja / Sveitsi
100%
187 Japani / Etelä-Korea / Yhdistyneet arabiemiirikunnat
98%
182 Australia / Kanada / Tsekki / Latvia / Uusi-Seelanti / Slovakia / Slovenia
95%
179 Islanti / Yhdysvallat
90%
184 Itävalta / Kreikka / Malta / Portugali
85%
181 Kroatia / Viro
85%
186 Ruotsi
83%
168 Argentiina / Brasilia
78%
180 Liechtenstein / Liettua
73%
174 Chile / Kypros / Hong Kong
65%
156 Meksiko
65%
166 Israel / San Marino
63%
176 Monaco
63%
183 Unkari / Malesia / Puola / Yhdistyneet kuningaskunnat
63%
151 Vatikaanivaltio
55%
142 Ukraina
50%
169 Andorra
45%
141 Macao / Peru
45%
192 Singapore
43%
177 Bulgaria / Romania
33%
145 Dominica / Paraguay / Trinidad ja Tobago
30%
135 Serbia
30%
155 Uruguay
30%
148 Costa Rica
20%
147 Grenada / Mauritius / Panama
20%
163 Barbados / Brunei
10%
158 Bahama
8%
154 Antigua ja Barbuda / Seychellit
5%
157 Saint Kitts ja Nevis / Saint Vincent ja Grenadiinit
0%
144 Saint Lucia
0%
Ehtoja vastaavia visoja ei löytynyt
Tulosjakauma
Jokaisen tuloksen saaneiden osuus
Persentiili vastausten määrän mukaan
Tuloshistoriasi
Et ole pelannut tätä visaa